00313nam a2200133Ia 45000030006000000080041000060400015000471000024000622450032000862500010001182600022001285460012001500050017001620STCL150530s9999 xx 000 0 und d aSTCLcSTCL aRamakrishnan Gehrke aDatabase management systems aThird bMcgraw hillc2003 aEnglish20220125160220.0